000 00802nmm a2200253 a 4500
001 ocm000700944
003 TR-IsHL
005 20201028154500.0
008 131028s1995 tu tur
007 cr cn
035 _a700944
_b(N$T)
050 0 4 _aHD69.B7
_bM37 1995
090 0 4 _aHD69.B7
_bM37 1995
245 1 0 _aMarkalar hukukunun Avrupa Birliği'ne uyumu ve sorunları semineri, 6 Temmuz 1995
_h[electronic resource]
250 _a1. bs.
260 _aİstanbul :
_bİstanbul Ticaret Odası,
_c1995
300 _a98 p.
650 4 _aHukuk
650 4 _aLaw
650 0 _aMarka yönetimi
650 0 _aBrand management
650 7 _aBUSINESS & ECONOMICS / Management
_2bisacsh
856 4 0 _uhttp://search.ebscohost.com/login.aspx?direct=true&scope=site&db=e011xww&AN=700944
999 _c12598
_d12598